| Tag |
First Indicator |
Second Indicator |
Subfields |
| LEADER |
00000pam a2200000 a 4500 |
| 001 |
in00000095583 |
| 005 |
20150923173714.0 |
| 008 |
810528s1981 vau b s00110 eng |
| 010 |
|
|
|a 81010355
|
| 020 |
|
|
|a 0813908949
|
| 035 |
|
|
|a (OCoLC)07572281
|
| 035 |
|
|
|9 AAK8231AM
|
| 039 |
0 |
|
|a 2
|b 3
|c 3
|d 3
|e 3
|
| 040 |
|
|
|a DLC
|c DLC
|d TXA
|d UtOrBLW
|
| 049 |
|
|
|a TXAM
|c [1562022]
|
| 050 |
0 |
0 |
|a PN3411
|b W56
|
| 082 |
0 |
|
|a 809.3/927
|2 19
|
| 100 |
1 |
|
|a Winner, Anthony.
|
| 245 |
1 |
0 |
|a Characters in the twilight :
|b Hardy, Zola, and Chekhov /
|c Anthony Winner.
|
| 264 |
|
1 |
|a Charlottesville :
|b University Press of Virginia,
|c 1981.
|
| 300 |
|
|
|a 197 pages ;
|c 22 cm.
|
| 336 |
|
|
|a text
|b txt
|2 rdacontent
|
| 337 |
|
|
|a unmediated
|b n
|2 rdamedia
|
| 338 |
|
|
|a volume
|b nc
|2 rdacarrier
|
| 504 |
|
|
|a Includes bibliographical references and index.
|
| 505 |
0 |
|
|a Balzac's Le pere Goriot: the character of society -- Hardy's moderns: the ache of uncertain character -- Zola: characters in the fields of force -- Chekhov's characters: true tears, real things.
|
| 650 |
|
0 |
|a Characters and characteristics in literature.
|
| 650 |
|
0 |
|a Fiction
|y 19th century
|x History and criticism.
|
| 999 |
|
|
|a MARS
|
| 999 |
f |
f |
|s 16af3415-3edd-309e-a2df-b244ce34bf26
|i d349c9b0-ce2a-3c01-aedf-a548f24c8434
|t 0
|
| 952 |
f |
f |
|p ric
|a Texas A&M University
|b Rellis Campus
|c Joint Library Facility
|d Remote Storage
|t 0
|e PN3411 W56
|h Library of Congress classification
|i unmediated -- volume
|m A14806010945
|
| 998 |
f |
f |
|a PN3411 W56
|t 0
|l Remote Storage
|